Report of a joint workshop on women in management (Record no. 2551)

MARC details
000 -LEADER
fixed length control field 003870000a22001330004500
005 - DATE AND TIME OF LATEST TRANSACTION
control field 20240605111414.0
008 - FIXED-LENGTH DATA ELEMENTS--GENERAL INFORMATION
fixed length control field 230817t ||||| |||| 00| 0 eng d
082 ## - DEWEY DECIMAL CLASSIFICATION NUMBER
Classification number 305.43
Item number REP
942 ## - ADDED ENTRY ELEMENTS (KOHA)
Item Type Reports
245 ## - TITLE STATEMENT
Title Report of a joint workshop on women in management
260 ## - PUBLICATION, DISTRIBUTION, ETC. (IMPRINT)
Place of Publication Dehiwala:
Name of Publisher Postgraduate Institute of Management,
Date of Copyright 1987
300 ## - PHYSICAL DESCRIPTION
Extent 85 p.
650 ## - SUBJECT ADDED ENTRY--TOPICAL TERM
Topical Term WOMEN IN MANAGEMENT-Sri Lanka
Holdings
Withdrawn status Lost status Source of classification or shelving scheme Damaged status Not for loan Permanent location Current location Date acquired Total Checkouts Full call number Barcode Date last seen Price effective from Koha item type
    Dewey Decimal Classification     Resource center, Muslim Women's Research And Action Forum Resource center, Muslim Women's Research And Action Forum 2023-08-17   305.43 REP RAF3638 2023-08-17 2023-08-17 Reports

Copyright © 2023 Muslim Women's Research and Action Forum (MWRAF), No 27/3, Anderson Road, Kalubowila, Dehiwela. Funded by The Asia Fundation